[Event "DVM U20 2023"]
[Site "Magdeburg GER"]
[Date "2023.12.28"]
[Round "3"]
[White "Mark, Erwin Nikolaus"]
[Black "Jagodzinsky, Lukas"]
[Result "0-1"]
[Termination "normal"]
[Board "8.5"]
[WhiteElo "1304"]
[BlackElo "1449"]
[WhiteClock "00:18:37"]
[BlackClock "00:04:13"]
[WhiteTeam "SF Essen-Katernberg 04/32"]
[BlackTeam "SV Hemer 1932"]
[PlyCount "116"]
[WhiteFideId "34681566"]
[BlackFideId "16233255"]
[EventCountry "GER"]
[EventRounds "7"]
[EventType "team-swiss"]
[EventDate "2023.12.26"]

1. d4 {[%clk 01:30:59]} d5 {[%clk 01:30:54]} {[%emt 00:00:06]} 2. c4 {[%clk
01:31:26]} {[%emt 00:00:04]} e6 {[%clk 01:31:18]} {[%emt 00:00:06]} 3. Nf3
{[%clk 01:31:41]} {[%emt 00:00:15]} Nf6 {[%clk 01:31:29]} {[%emt 00:00:18]} 4.
Bg5 {[%clk 01:32:04]} {[%emt 00:00:07]} Be7 {[%clk 01:31:33]} {[%emt 00:00:26]}
5. Nc3 {[%clk 01:31:42]} {[%emt 00:00:52]} O-O {[%clk 01:31:24]} {[%emt
00:00:39]} 6. e3 {[%clk 01:31:30]} {[%emt 00:00:41]} b6 {[%clk 01:25:32]}
{[%emt 00:06:21]} 7. Bd3 {[%clk 01:29:41]} {[%emt 00:02:20]} h6 {[%clk
01:24:43]} {[%emt 00:01:19]} 8. Bh4 {[%clk 01:28:34]} {[%emt 00:01:38]} Na6
{[%clk 01:12:29]} {[%emt 00:12:44]} 9. a3 {[%clk 01:26:57]} {[%emt 00:02:08]}
Bb7 {[%clk 01:09:56]} {[%emt 00:03:02]} 10. O-O {[%clk 01:26:45]} {[%emt
00:00:42]} Rc8 {[%clk 01:09:27]} {[%emt 00:00:57]} 11. Rc1 {[%clk 01:26:58]}
{[%emt 00:00:18]} c6 {[%clk 01:05:57]} {[%emt 00:04:01]} 12. Bg3 {[%clk
01:24:48]} {[%emt 00:02:40]} c5 {[%clk 01:03:54]} {[%emt 00:02:33]} 13. cxd5
{[%clk 01:23:15]} {[%emt 00:02:03]} Nxd5 {[%clk 01:02:49]} {[%emt 00:01:35]}
14. Nb5 {[%clk 01:18:48]} {[%emt 00:04:57]} Ra8 {[%clk 01:00:02]} {[%emt
00:03:17]} 15. Qc2 {[%clk 01:16:24]} {[%emt 00:02:56]} Bg5 {[%clk 00:36:36]}
{[%emt 00:23:55]} 16. Rfe1 {[%clk 01:10:53]} {[%emt 00:06:01]} cxd4 {[%clk
00:31:32]} {[%emt 00:05:34]} 17. Nfxd4 {[%emt 00:15:23]} Nc5 {[%clk 00:26:17]}
{[%emt 00:05:29]} 18. Be2 {[%clk 00:52:24]} {[%emt 00:04:21]} Nxe3 {[%clk
00:24:15]} {[%emt 00:02:34]} 19. fxe3 {[%clk 00:52:29]} {[%emt 00:00:25]} Bxe3+
{[%clk 00:24:40]} {[%emt 00:00:05]} 20. Bf2 {[%clk 00:52:15]} {[%emt 00:02:24]}
Bxc1 {[%clk 00:26:59]} {[%emt 00:00:38]} 21. Rxc1 {[%clk 00:52:41]} {[%emt
00:00:04]} a6 {[%clk 00:22:41]} {[%emt 00:04:48]} 22. Nc3 {[%clk 00:50:46]}
{[%emt 00:02:24]} Rc8 {[%clk 00:21:49]} {[%emt 00:01:23]} 23. Rd1 {[%clk
00:49:35]} {[%emt 00:01:40]} Qg5 {[%clk 00:21:21]} {[%emt 00:00:57]} 24. Bg3
{[%clk 00:44:49]} {[%emt 00:05:17]} Rfd8 {[%clk 00:18:46]} {[%emt 00:03:04]}
25. Bf3 {[%emt 00:11:15]} Bxf3 {[%clk 00:17:38]} 26. Nxf3 {[%clk 00:36:03]}
{[%emt 00:00:08]} Rxd1+ {[%clk 00:17:02]} {[%emt 00:01:07]} 27. Qxd1 {[%clk
00:36:31]} {[%emt 00:00:02]} Qe3+ {[%clk 00:15:44]} {[%emt 00:01:47]} 28. Bf2
{[%clk 00:36:08]} {[%emt 00:00:54]} Qd3 {[%clk 00:15:33]} {[%emt 00:00:41]} 29.
Qc1 {[%clk 00:31:53]} {[%emt 00:04:44]} Na4 {[%clk 00:11:24]} {[%emt 00:04:39]}
30. Bd4 {[%clk 00:29:13]} {[%emt 00:03:11]} f6 {[%clk 00:09:45]} {[%emt
00:02:10]} 31. Qe1 {[%clk 00:28:16]} {[%emt 00:01:25]} e5 {[%clk 00:09:45]}
{[%emt 00:00:31]} 32. Nxa4 {[%clk 00:28:23]} {[%emt 00:00:22]} e4 {[%clk
00:07:08]} {[%emt 00:03:09]} 33. Bf2 {[%clk 00:22:50]} {[%emt 00:06:02]} Rc2
{[%clk 00:06:41]} {[%emt 00:00:57]} 34. Nh4 {[%clk 00:20:25]} {[%emt 00:02:55]}
Re2 {[%clk 00:05:51]} {[%emt 00:01:21]} 35. Qc1 {[%clk 00:19:12]} {[%emt
00:01:43]} e3 {[%clk 00:05:48]} {[%emt 00:00:34]} 36. Be1 {[%clk 00:18:12]}
{[%emt 00:01:28]} Rc2 {[%clk 00:05:32]} {[%emt 00:00:47]} 37. Qb1 {[%clk
00:18:04]} {[%emt 00:00:38]} Rxg2+ {[%clk 00:05:18]} {[%emt 00:00:44]} 38. Nxg2
{[%emt 00:00:42]} Qxb1 {[%emt 00:00:07]} 39. Kf1 {[%clk 00:17:07]} {[%emt
00:00:38]} Qd3+ {[%clk 00:05:22]} {[%emt 00:00:27]} 40. Kg1 {[%clk 00:17:16]}
{[%emt 00:00:20]} e2 {[%clk 00:05:02]} {[%emt 00:00:50]} 41. Kf2 {[%clk
00:17:17]} {[%emt 00:00:29]} Qd4+ {[%clk 00:05:00]} {[%emt 00:00:33]} 42. Kxe2
{[%clk 00:17:30]} {[%emt 00:00:15]} Qxa4 {[%clk 00:05:23]} {[%emt 00:00:08]}
43. Bc3 {[%clk 00:17:48]} {[%emt 00:00:12]} Qe4+ {[%clk 00:03:38]} {[%emt
00:02:14]} 44. Ne3 {[%clk 00:18:07]} {[%emt 00:00:11]} f5 {[%clk 00:03:45]}
{[%emt 00:00:24]} 45. Kd2 {[%clk 00:18:24]} {[%emt 00:00:13]} b5 {[%clk
00:03:47]} {[%emt 00:00:28]} 46. Nc2 {[%clk 00:17:28]} {[%emt 00:01:26]} Qg2+
{[%clk 00:04:02]} {[%emt 00:00:14]} 47. Kd3 {[%clk 00:17:47]} {[%emt 00:00:12]}
Qxh2 {[%clk 00:04:12]} {[%emt 00:00:20]} 48. Ne3 {[%clk 00:17:43]} {[%emt
00:00:34]} Qg3 {[%clk 00:03:49]} {[%emt 00:00:52]} 49. Kd2 {[%clk 00:17:51]}
{[%emt 00:00:22]} Qf2+ {[%clk 00:03:58]} {[%emt 00:00:22]} 50. Kd3 {[%clk
00:18:16]} {[%emt 00:00:05]} f4 {[%clk 00:03:55]} {[%emt 00:00:33]} 51. Nf5
{[%clk 00:17:47]} {[%emt 00:00:58]} f3 {[%clk 00:03:09]} {[%emt 00:01:17]} 52.
Bd4 {[%clk 00:17:54]} {[%emt 00:00:22]} Qe2+ {[%clk 00:03:15]} {[%emt
00:00:25]} 53. Kc3 {[%clk 00:18:15]} {[%emt 00:00:08]} f2 {[%emt 00:01:11]} 54.
Ne3 {[%clk 00:17:50]} {[%emt 00:00:01]} f1=Q {[%clk 00:03:24]} {[%emt
00:00:34]} 55. Nxf1 {[%clk 00:18:05]} {[%emt 00:00:15]} Qxf1 {[%clk 00:03:49]}
{[%emt 00:00:06]} 56. Kb4 {[%clk 00:18:15]} {[%emt 00:00:18]} Qc4+ {[%clk
00:03:55]} {[%emt 00:00:26]} 57. Ka5 {[%clk 00:18:34]} {[%emt 00:00:12]} Qxd4
{[%clk 00:04:03]} {[%emt 00:00:22]} 58. Kxa6 {[%clk 00:18:37]} {[%emt
00:00:13]} Qxb2 {[%clk 00:04:13]} {[%emt 00:00:33]} 0-1

[Event "DVM U20 2023"]
[Site "Magdeburg GER"]
[Date "2023.12.29"]
[Round "6"]
[White "Suvorov, Alexander"]
[Black "Weidemann, Jakob"]
[Result "1/2-1/2"]
[Termination "normal"]
[Board "1.1"]
[WhiteTitle "FM"]
[WhiteElo "2334"]
[BlackElo "2114"]
[WhiteClock "00:04:56"]
[BlackClock "00:26:51"]
[WhiteTeam "SG Porz"]
[BlackTeam "SK Münster 32"]
[PlyCount "67"]
[WhiteFideId "12977063"]
[BlackFideId "16255470"]
[EventCountry "GER"]
[EventRounds "7"]
[EventType "team-swiss"]
[EventDate "2023.12.26"]

1. d4 {[%clk 01:30:58]} Nf6 {[%clk 01:30:49]} {[%emt 00:00:12]} 2. Nf3 {[%clk
01:31:11]} {[%emt 00:00:16]} e6 {[%clk 01:31:02]} {[%emt 00:00:17]} 3. Bf4
{[%clk 01:31:27]} {[%emt 00:00:14]} c5 {[%clk 01:30:54]} {[%emt 00:00:38]} 4.
c3 {[%clk 01:31:42]} {[%emt 00:00:16]} b6 {[%clk 01:31:00]} {[%emt 00:00:24]}
5. e3 {[%clk 01:31:50]} {[%emt 00:00:22]} Bb7 {[%clk 01:31:07]} {[%emt
00:00:22]} 6. Nbd2 {[%clk 01:31:44]} {[%emt 00:00:36]} Be7 {[%clk 01:31:10]}
{[%emt 00:00:27]} 7. h3 {[%clk 01:31:41]} {[%emt 00:00:34]} O-O {[%clk
01:31:19]} {[%emt 00:00:20]} 8. Bd3 {[%clk 01:31:41]} {[%emt 00:00:30]} d5
{[%clk 01:31:29]} {[%emt 00:00:19]} 9. O-O {[%clk 01:27:02]} {[%emt 00:05:10]}
Bd6 {[%clk 01:31:43]} {[%emt 00:00:16]} 10. Qe2 {[%clk 01:21:20]} {[%emt
00:06:13]} Qc7 {[%clk 01:29:06]} {[%emt 00:03:07]} 11. Bxd6 {[%clk 01:16:09]}
{[%emt 00:05:41]} Qxd6 {[%clk 01:29:26]} {[%emt 00:00:09]} 12. Ne5 {[%clk
01:10:48]} {[%emt 00:05:52]} Nc6 {[%clk 01:26:51]} {[%emt 00:03:03]} 13. f4
{[%clk 01:09:44]} {[%emt 00:01:35]} Ne7 {[%clk 01:25:26]} {[%emt 00:01:55]} 14.
Rad1 {[%clk 01:01:57]} {[%emt 00:08:16]} Rad8 {[%clk 01:20:50]} {[%emt
00:05:07]} 15. g4 {[%clk 00:50:31]} {[%emt 00:11:57]} Nd7 {[%clk 01:13:51]}
{[%emt 00:07:28]} 16. g5 {[%clk 00:47:18]} {[%emt 00:03:44]} Nf5 {[%clk
01:01:46]} {[%emt 00:12:34]} 17. Bxf5 {[%clk 00:39:32]} {[%emt 00:08:17]} exf5
{[%clk 01:02:06]} {[%emt 00:00:09]} 18. Kh2 {[%clk 00:35:32]} {[%emt 00:04:32]}
f6 {[%clk 00:58:24]} {[%emt 00:04:11]} 19. gxf6 {[%clk 00:34:39]} {[%emt
00:01:22]} Rxf6 {[%clk 00:58:43]} {[%emt 00:00:12]} 20. Ndf3 {[%clk 00:32:39]}
{[%emt 00:02:30]} c4 {[%clk 00:55:10]} {[%emt 00:04:03]} 21. Rg1 {[%clk
00:31:55]} {[%emt 00:01:14]} Re8 {[%clk 00:41:45]} {[%emt 00:13:55]} 22. Rg3
{[%clk 00:26:09]} {[%emt 00:06:15]} Rh6 {[%clk 00:38:57]} {[%emt 00:03:18]} 23.
Rdg1 {[%clk 00:24:20]} {[%emt 00:02:19]} Re7 {[%clk 00:38:52]} {[%emt
00:00:35]} 24. Qc2 {[%clk 00:21:53]} {[%emt 00:02:57]} Qf6 {[%clk 00:34:27]}
{[%emt 00:04:54]} 25. Rg5 {[%clk 00:21:11]} {[%emt 00:01:13]} Bc8 {[%clk
00:33:26]} {[%emt 00:01:31]} 26. Qg2 {[%clk 00:15:51]} {[%emt 00:05:50]} Qf8
{[%clk 00:32:00]} {[%emt 00:01:56]} 27. Nxd7 {[%clk 00:14:01]} {[%emt
00:02:20]} Bxd7 {[%clk 00:31:29]} {[%emt 00:01:01]} 28. Ne5 {[%clk 00:14:25]}
{[%emt 00:00:06]} Rd6 {[%clk 00:31:21]} {[%emt 00:00:37]} 29. Qc2 {[%clk
00:12:31]} {[%emt 00:02:25]} Qc8 {[%clk 00:28:19]} {[%emt 00:03:33]} 30. Qg2
{[%clk 00:09:06]} {[%emt 00:03:54]} Qf8 {[%clk 00:28:07]} {[%emt 00:00:41]} 31.
h4 {[%clk 00:08:18]} {[%emt 00:01:19]} Be8 {[%clk 00:26:26]} {[%emt 00:02:11]}
32. Qh3 {[%clk 00:08:07]} {[%emt 00:00:42]} Rf6 {[%clk 00:26:34]} {[%emt
00:00:21]} 33. Qg2 {[%clk 00:06:30]} {[%emt 00:02:07]} Rd6 {[%clk 00:26:51]}
{[%emt 00:00:12]} 34. b3 {[%clk 00:04:56]} {[%emt 00:02:05]} 1/2-1/2

[Event "DVM U20 2023"]
[Site "Magdeburg GER"]
[Date "2023.12.29"]
[Round "6"]
[White "Schröder, Lennart"]
[Black "Suvorov, Luca"]
[Result "0-1"]
[Termination "normal"]
[Board "1.2"]
[BlackTitle "FM"]
[WhiteElo "2107"]
[BlackElo "2333"]
[WhiteClock "00:13:44"]
[BlackClock "00:04:02"]
[WhiteTeam "SK Münster 32"]
[BlackTeam "SG Porz"]
[PlyCount "44"]
[WhiteFideId "16222490"]
[BlackFideId "12977071"]
[EventCountry "GER"]
[EventRounds "7"]
[EventType "team-swiss"]
[EventDate "2023.12.26"]

1. a3 {[%clk 01:14:17]} {[%emt 00:00:14]} g6 {[%clk 01:25:56]} {[%emt
00:05:06]} 2. Nf3 {[%clk 01:13:50]} {[%emt 00:00:56]} Bg7 {[%clk 01:26:00]}
{[%emt 00:00:26]} 3. d4 {[%clk 01:12:45]} {[%emt 00:01:35]} d6 {[%clk
01:24:20]} {[%emt 00:02:11]} 4. e3 {[%clk 01:11:32]} {[%emt 00:01:42]} Nf6
{[%clk 01:18:29]} {[%emt 00:06:21]} 5. Be2 {[%clk 01:11:34]} {[%emt 00:00:27]}
O-O {[%clk 01:18:12]} {[%emt 00:00:48]} 6. O-O {[%clk 01:11:53]} {[%emt
00:00:11]} Nbd7 {[%clk 01:17:03]} {[%emt 00:01:38]} 7. b3 {[%clk 01:10:55]}
{[%emt 00:01:29]} e5 {[%clk 01:10:04]} {[%emt 00:07:28]} 8. dxe5 {[%clk
01:04:57]} {[%emt 00:06:29]} dxe5 {[%clk 01:06:19]} {[%emt 00:04:14]} 9. Bb2
{[%clk 01:04:05]} {[%emt 00:01:22]} Qe7 {[%clk 01:01:46]} {[%emt 00:05:03]} 10.
Nbd2 {[%clk 00:59:58]} {[%emt 00:04:37]} Rd8 {[%clk 00:52:07]} {[%emt
00:10:10]} 11. c4 {[%clk 00:55:50]} {[%emt 00:04:38]} e4 {[%clk 00:44:14]}
{[%emt 00:08:22]} 12. Nd4 {[%clk 00:55:13]} {[%emt 00:01:07]} c5 {[%clk
00:41:13]} {[%emt 00:03:31]} 13. Nb5 {[%clk 00:55:04]} {[%emt 00:00:39]} Ne5
{[%clk 00:39:03]} {[%emt 00:02:40]} 14. Qc2 {[%clk 00:49:32]} {[%emt 00:06:03]}
Bf5 {[%clk 00:27:49]} {[%emt 00:11:44]} 15. Rad1 {[%clk 00:46:31]} {[%emt
00:03:31]} Nf3+ {[%clk 00:20:27]} {[%emt 00:07:52]} 16. Kh1 {[%clk 00:39:27]}
{[%emt 00:07:35]} Ng4 {[%clk 00:12:52]} {[%emt 00:08:04]} 17. Bxg7 {[%clk
00:26:15]} {[%emt 00:13:43]} Qh4 {[%clk 00:11:54]} {[%emt 00:01:28]} 18. h3
{[%clk 00:24:33]} {[%emt 00:02:12]} Nxf2+ {[%clk 00:07:06]} {[%emt 00:05:18]}
19. Rxf2 {[%clk 00:24:56]} {[%emt 00:00:07]} Qxf2 {[%clk 00:07:29]} {[%emt
00:00:07]} 20. Bc3 {[%clk 00:17:04]} {[%emt 00:08:22]} Bxh3 {[%clk 00:03:45]}
{[%emt 00:04:15]} 21. Bxf3 {[%clk 00:14:19]} {[%emt 00:03:14]} exf3 {[%clk
00:04:02]} {[%emt 00:00:14]} 22. gxh3 {[%clk 00:13:44]} {[%emt 00:01:05]} Qg2#
{[%emt 00:00:07]} 0-1

[Event "DVM U20 2023"]
[Site "Magdeburg GER"]
[Date "2023.12.29"]
[Round "6"]
[White "Meyer, Emil"]
[Black "Gluma, Christian"]
[Result "0-1"]
[Termination "normal"]
[Board "1.4"]
[WhiteElo "1919"]
[BlackElo "2245"]
[WhiteClock "00:06:41"]
[BlackClock "00:07:48"]
[WhiteTeam "SK Münster 32"]
[BlackTeam "SG Porz"]
[PlyCount "64"]
[WhiteFideId "34625771"]
[BlackFideId "16223209"]
[EventCountry "GER"]
[EventRounds "7"]
[EventType "team-swiss"]
[EventDate "2023.12.26"]

1. e4 {[%clk 01:30:57]} {[%emt 00:00:03]} g6 {[%clk 01:30:50]} {[%emt
00:00:10]} 2. d4 {[%clk 01:30:41]} {[%emt 00:00:46]} Bg7 {[%clk 01:31:15]}
{[%emt 00:00:05]} 3. Nf3 {[%clk 01:31:05]} {[%emt 00:00:07]} c6 {[%clk
01:31:40]} {[%emt 00:00:04]} 4. h3 {[%clk 01:31:29]} {[%emt 00:00:07]} d5
{[%clk 01:32:05]} {[%emt 00:00:04]} 5. e5 {[%clk 01:31:54]} {[%emt 00:00:06]}
f6 {[%clk 01:32:11]} {[%emt 00:00:24]} 6. Bd3 {[%clk 01:32:18]} {[%emt
00:00:05]} Nh6 {[%clk 01:32:18]} {[%emt 00:00:23]} 7. O-O {[%clk 01:30:43]}
{[%emt 00:02:06]} O-O {[%clk 01:32:01]} {[%emt 00:00:46]} 8. Re1 {[%clk
01:30:45]} {[%emt 00:00:29]} fxe5 {[%clk 01:25:26]} {[%emt 00:07:07]} 9. dxe5
{[%clk 01:31:08]} {[%emt 00:00:06]} e6 {[%clk 01:15:52]} {[%emt 00:10:05]} 10.
a4 {[%clk 01:09:35]} {[%emt 00:22:03]} Qc7 {[%clk 01:08:45]} {[%emt 00:07:37]}
11. b4 {[%clk 01:03:04]} {[%emt 00:07:00]} Nf7 {[%clk 01:02:42]} {[%emt
00:06:34]} 12. Bb2 {[%clk 00:56:10]} {[%emt 00:07:22]} a5 {[%clk 01:01:13]}
{[%emt 00:02:01]} 13. bxa5 {[%clk 00:53:32]} {[%emt 00:03:06]} Rxa5 {[%clk
00:59:47]} {[%emt 00:01:57]} 14. c4 {[%clk 00:52:34]} {[%emt 00:01:29]} Nd7
{[%clk 00:47:20]} {[%emt 00:12:56]} 15. Bc3 {[%clk 00:45:43]} {[%emt 00:07:21]}
Ra8 {[%clk 00:46:58]} {[%emt 00:00:51]} 16. Qe2 {[%clk 00:45:58]} {[%emt
00:00:16]} Nc5 {[%clk 00:45:00]} {[%emt 00:02:28]} 17. Bc2 {[%clk 00:43:58]}
{[%emt 00:02:29]} b6 {[%clk 00:44:34]} {[%emt 00:00:56]} 18. Nbd2 {[%clk
00:38:22]} {[%emt 00:06:06]} Ba6 {[%clk 00:41:15]} {[%emt 00:03:50]} 19. Bd4
{[%clk 00:35:03]} {[%emt 00:03:49]} Nd7 {[%clk 00:39:40]} {[%emt 00:02:04]} 20.
Bd3 {[%clk 00:33:43]} {[%emt 00:01:50]} c5 {[%clk 00:37:20]} {[%emt 00:02:50]}
21. cxd5 {[%clk 00:25:52]} {[%emt 00:08:21]} Bxd3 {[%clk 00:34:12]} {[%emt
00:03:39]} 22. Qxd3 {[%clk 00:26:09]} {[%emt 00:00:13]} cxd4 {[%clk 00:33:04]}
{[%emt 00:01:38]} 23. dxe6 {[%clk 00:17:45]} {[%emt 00:08:53]} Nfxe5 {[%clk
00:32:55]} {[%emt 00:00:40]} 24. Nxe5 {[%clk 00:17:17]} {[%emt 00:00:57]} Nxe5
{[%clk 00:33:16]} {[%emt 00:00:10]} 25. Qb3 {[%clk 00:17:12]} {[%emt 00:00:33]}
Kh8 {[%clk 00:29:13]} {[%emt 00:04:34]} 26. Rac1 {[%clk 00:17:30]} {[%emt
00:00:12]} Qa7 {[%clk 00:28:35]} {[%emt 00:01:07]} 27. Qg3 {[%clk 00:16:54]}
{[%emt 00:01:07]} Qa5 {[%clk 00:26:25]} {[%emt 00:02:40]} 28. Rc7 {[%clk
00:14:12]} {[%emt 00:03:12]} Qxd2 {[%clk 00:20:32]} {[%emt 00:06:23]} 29. Rxe5
{[%clk 00:14:30]} {[%emt 00:00:12]} Qf4 {[%clk 00:09:12]} {[%emt 00:11:51]} 30.
Qxf4 {[%clk 00:08:54]} {[%emt 00:06:06]} Rxf4 {[%clk 00:09:31]} {[%emt
00:00:11]} 31. Rd5 {[%clk 00:07:49]} {[%emt 00:01:34]} Re4 {[%clk 00:07:39]}
{[%emt 00:02:23]} 32. Rdd7 {[%clk 00:06:41]} {[%emt 00:01:36]} Re1+ {[%clk
00:07:48]} {[%emt 00:00:22]} 0-1

[Event "DVM U20 2023"]
[Site "Magdeburg GER"]
[Date "2023.12.29"]
[Round "6"]
[White "Mohammadi Nia, Borna"]
[Black "Klugstedt, Vincent"]
[Result "0-1"]
[Termination "normal"]
[Board "1.5"]
[WhiteElo "2170"]
[BlackElo "1984"]
[WhiteClock "00:16:57"]
[BlackClock "00:02:33"]
[WhiteTeam "SG Porz"]
[BlackTeam "SK Münster 32"]
[PlyCount "94"]
[WhiteFideId "16207319"]
[BlackFideId "16216393"]
[EventCountry "GER"]
[EventRounds "7"]
[EventType "team-swiss"]
[EventDate "2023.12.26"]

1. e4 {[%clk 01:30:58]} c5 {[%clk 01:14:43]} {[%emt 00:01:34]} 2. Nf3 {[%clk
01:31:23]} {[%emt 00:00:03]} g6 {[%clk 01:14:37]} {[%emt 00:00:37]} 3. c3
{[%clk 01:31:48]} {[%emt 00:00:04]} d5 {[%clk 01:14:25]} {[%emt 00:00:42]} 4.
e5 {[%clk 01:30:28]} {[%emt 00:01:50]} Nc6 {[%clk 01:09:48]} {[%emt 00:05:08]}
5. Bb5 {[%clk 01:28:42]} {[%emt 00:02:15]} Bg4 {[%clk 01:07:47]} {[%emt
00:02:32]} 6. O-O {[%clk 01:26:16]} {[%emt 00:02:55]} Bxf3 {[%clk 01:06:57]}
{[%emt 00:01:20]} 7. Bxc6+ {[%clk 01:24:41]} {[%emt 00:02:06]} bxc6 {[%clk
01:07:12]} {[%emt 00:00:15]} 8. Qxf3 {[%clk 01:25:06]} {[%emt 00:00:04]} Qb6
{[%clk 01:06:25]} {[%emt 00:01:18]} 9. e6 {[%clk 01:22:36]} {[%emt 00:03:00]}
f5 {[%clk 01:05:44]} {[%emt 00:01:12]} 10. c4 {[%clk 01:20:41]} {[%emt
00:02:26]} Nf6 {[%clk 00:59:31]} {[%emt 00:06:42]} 11. Nc3 {[%clk 01:19:28]}
{[%emt 00:01:42]} Rd8 {[%clk 00:59:24]} {[%emt 00:00:37]} 12. Na4 {[%clk
01:10:12]} {[%emt 00:09:47]} Qb4 {[%clk 00:56:21]} {[%emt 00:03:33]} 13. b3
{[%clk 01:10:26]} {[%emt 00:00:16]} Rd6 {[%clk 00:53:42]} {[%emt 00:03:08]} 14.
Qe3 {[%clk 01:01:19]} {[%emt 00:09:37]} Ne4 {[%clk 00:43:06]} {[%emt 00:11:05]}
15. d3 {[%clk 00:49:30]} {[%emt 00:12:19]} Bg7 {[%clk 00:32:02]} {[%emt
00:11:34]} 16. dxe4 {[%clk 00:46:08]} {[%emt 00:03:53]} Bxa1 {[%clk 00:31:15]}
{[%emt 00:01:17]} 17. Bd2 {[%clk 00:46:28]} {[%emt 00:00:11]} Bd4 {[%clk
00:30:20]} {[%emt 00:01:24]} 18. Qxd4 {[%clk 00:46:34]} {[%emt 00:00:22]} cxd4
{[%clk 00:30:44]} {[%emt 00:00:08]} 19. Bxb4 {[%clk 00:47:00]} {[%emt
00:00:04]} Rxe6 {[%clk 00:30:53]} {[%emt 00:00:21]} 20. exd5 {[%clk 00:41:12]}
{[%emt 00:06:19]} cxd5 {[%clk 00:31:04]} {[%emt 00:00:18]} 21. c5 {[%clk
00:41:28]} {[%emt 00:00:14]} Re2 {[%clk 00:26:25]} {[%emt 00:05:09]} 22. f4
{[%clk 00:40:34]} {[%emt 00:01:24]} Kd7 {[%clk 00:24:40]} {[%emt 00:02:15]} 23.
Rf2 {[%clk 00:34:20]} {[%emt 00:06:44]} Re4 {[%clk 00:14:17]} {[%emt 00:10:53]}
24. Nb2 {[%clk 00:25:11]} {[%emt 00:09:39]} Rg8 {[%clk 00:12:53]} {[%emt
00:01:55]} 25. Nd3 {[%clk 00:21:06]} {[%emt 00:04:35]} g5 {[%clk 00:12:44]}
{[%emt 00:00:39]} 26. Bd2 {[%clk 00:20:52]} {[%emt 00:00:44]} gxf4 {[%clk
00:09:48]} {[%emt 00:03:26]} 27. Bxf4 {[%clk 00:21:06]} {[%emt 00:00:16]} Re8
{[%clk 00:09:51]} {[%emt 00:00:27]} 28. c6+ {[%clk 00:11:41]} {[%emt 00:09:55]}
Kxc6 {[%clk 00:09:07]} {[%emt 00:01:14]} 29. Rc2+ {[%clk 00:12:01]} {[%emt
00:00:11]} Kb6 {[%clk 00:05:50]} {[%emt 00:03:48]} 30. Bc7+ {[%clk 00:09:25]}
{[%emt 00:03:05]} Kb7 {[%clk 00:06:18]} {[%emt 00:00:02]} 31. Nc5+ {[%clk
00:07:17]} {[%emt 00:02:37]} Kxc7 {[%clk 00:06:46]} {[%emt 00:00:02]} 32. Nxe4+
{[%clk 00:07:46]} {[%emt 00:00:01]} Kd7 {[%clk 00:06:54]} {[%emt 00:00:22]} 33.
Ng3 {[%clk 00:07:20]} {[%emt 00:00:56]} f4 {[%clk 00:05:38]} {[%emt 00:01:45]}
34. Nf1 {[%clk 00:05:39]} {[%emt 00:02:11]} Kd6 {[%clk 00:04:57]} {[%emt
00:01:12]} 35. Kf2 {[%clk 00:05:19]} {[%emt 00:00:49]} e5 {[%clk 00:05:12]}
{[%emt 00:00:15]} 36. b4 {[%clk 00:04:42]} {[%emt 00:01:07]} e4 {[%clk
00:04:53]} 37. b5 {[%clk 00:03:49]} {[%emt 00:02:12]} d3 {[%clk 00:04:55]}
{[%emt 00:00:29]} 38. Rc6+ {[%clk 00:04:11]} {[%emt 00:00:07]} Ke5 {[%clk
00:04:10]} {[%emt 00:01:15]} 39. a4 {[%clk 00:04:05]} {[%emt 00:00:36]} Re7
{[%clk 00:03:39]} {[%emt 00:01:01]} 40. a5 {[%clk 00:02:28]} {[%emt 00:02:07]}
Kd4 {[%clk 00:02:55]} {[%emt 00:01:15]} 41. b6 {[%clk 00:01:12]} {[%emt
00:01:46]} axb6 {[%clk 00:03:18]} {[%emt 00:00:07]} 42. axb6 {[%clk 00:01:39]}
{[%emt 00:00:02]} Rg7 {[%clk 00:03:21]} {[%emt 00:00:25]} 43. Rc7 {[%clk
00:20:43]} {[%emt 00:11:28]} e3+ {[%clk 00:26:57]} {[%emt 00:06:54]} 44. Kg1
{[%clk 00:21:05]} {[%emt 00:00:07]} d2 {[%clk 00:11:18]} {[%emt 00:16:09]} 45.
b7 {[%clk 00:17:42]} {[%emt 00:03:53]} e2 {[%clk 00:09:42]} {[%emt 00:02:05]}
46. Nxd2 {[%clk 00:16:48]} {[%emt 00:01:25]} Rxc7 {[%clk 00:02:29]} {[%emt
00:07:42]} 47. b8=Q {[%clk 00:16:57]} {[%emt 00:00:20]} Rc1+ {[%clk 00:02:33]}
{[%emt 00:00:26]} 0-1